000 00561nam a2200241Ia 4500
003 OSt
005 20220912145714.0
006 a|||||r|||| 00| 0
007 ta
008 220909b |||||||| |||| 00| 0 eng d
024 _a73823
037 _cTextual
040 _aCSL
_beng
_cCSL
041 _aeng
082 _aL, H1;J0
100 _aPrice Ed.
245 0 _aTextbook of the practice of medicine
260 _c1950
300 _ap.
_ccm.
650 _aMedicine
942 _hL, H1;J0
_cTEXL
_2CC
999 _c36706
_d36706